2005 Wessex small works (Record no. 104114)

MARC details
000 -LEADER
fixed length control field 01274cam a2200253 4500
001 - CONTROL NUMBER
control field L129150
008 - FIXED-LENGTH DATA ELEMENTS--GENERAL INFORMATION
fixed length control field 050322n2005 000 0 eng u
020 ## - INTERNATIONAL STANDARD BOOK NUMBER
International Standard Book Number 0954736931
035 ## - SYSTEM CONTROL NUMBER
System control number (Sirsi) u129150
041 ## - LANGUAGE CODE
Language code of text/sound track or separate title eng
050 ## - LIBRARY OF CONGRESS CALL NUMBER
Classification number 692.5
-- 18
245 ## - TITLE STATEMENT
Title 2005 Wessex small works
Remainder of title a guide to estimating
250 ## - EDITION STATEMENT
Edition statement 11th ed.
260 ## - PUBLICATION, DISTRIBUTION, ETC.
Place of publication, distribution, etc. Poole
Name of publisher, distributor, etc. Wessex
Date of publication, distribution, etc. 2005
300 ## - PHYSICAL DESCRIPTION
Extent Various pagings
Dimensions 21 x 30cm.
350 ## - PRICE (NR) (BK AM CF MU VM SE) [OBSOLETE]
Price 39.95
520 ## - SUMMARY, ETC.
Summary, etc. The 11th edition of this building price book is aimed specifically at those involved in smaller construction projects, such as domestic extensions, using traditional methods and materials. The standard estimates are arranged in four sections: single storey flat roof; single story pitch roof; two storey flat roof; and two storey pitch roof. The text also covers contract documents, preliminaries, cost details and adjustments, alteration work, external works, planning and building regulation fees and basic prices for labour, plant and materials.
520 ## - SUMMARY, ETC.
Summary, etc. SUPERSEDED by BCIS Wessex small works estimating price book 2006 (ISBN 0954736982)
590 ## - LOCAL NOTE (RLIN)
Local note IKA290405
650 ## - SUBJECT ADDED ENTRY--TOPICAL TERM
Topical term or geographic name entry element WESSEX BUILDING PRICE BOOKS
690 ## - LOCAL SUBJECT ADDED ENTRY--TOPICAL TERM (OCLC, RLIN)
Topical term or geographic name as entry element BUILT ENVIRONMENT-BUILDING COSTS
700 ## - ADDED ENTRY--PERSONAL NAME
Personal name Barnett, N.P.
International Standard Serial Number Technical Editor
942 ## - ADDED ENTRY ELEMENTS (KOHA)
Suppress in OPAC 0
Holdings
Withdrawn status Lost status Source of classification or shelving scheme Damaged status Not for loan Home library Current library Shelving location Date acquired Cost, normal purchase price Total Checkouts Full call number Barcode Date last seen Date last checked out Copy number Cost, replacement price Price effective from Koha item type
    Dewey Decimal Classification     London London RICS Boxes 18/04/2005 33.96 7 RICS 2005/51 30069862 06/08/2019 05/07/2006 1 33.96 06/08/2019 Archive